Pays produisant le plus de sel - Statistiques

Statistiques générales
  • Ce quiz a été pris 171 fois
  • Le résultat moyen est 13 sur 20
Statistiques - réponses
mil tonnes pays % Correct
6,10 France
96%
62,16 Chine
94%
40,20 Etats-Unis
94%
4,04 Espagne
86%
6,30 Brésil
82%
24,50 Inde
82%
2,86 Italie
79%
10,10 Mexique
79%
10,84 Canada
77%
10,82 Australie
73%
19,02 Allemagne
72%
6,10 Royaume-Uni
72%
4,00 Turquie
62%
8,06 Chili
51%
2,88 Égypte
47%
2,80 Iran
46%
4,25 Pologne
45%
6,51 Pays-Bas
36%
6,18 Ukraine
36%
3,19 Autriche
24%
Aucun quiz correspondant
Distribution des résultats
% des personnes avec chaque résultat
Percentile par nombre de réponses
Votre historique - résultats
Vous n’avez pas pris ce quiz